|
|
|
|
| LEADER |
00000cam a2200000 7i4500 |
| 001 |
0000008225 |
| 005 |
20161123.0 |
| 040 |
|
|
|a INS
|
| 090 |
0 |
0 |
|a HD316.U737
|b A89 1980
|
| 100 |
0 |
|
|a Asay, Michael R
|
| 245 |
1 |
4 |
|a The FNMA free market system auction :
|b Valuation, Bidding Rules and Hedging Choices
|c Dennis R. Capozza, Michael R. Asay
|
| 260 |
|
|
|a Vancouver :
|b Faculty of Commerce and Business Admin University of British Columbia ,
|c 1980
|
| 300 |
|
|
|a 33p. ;
|c 21 cm.
|
| 610 |
1 |
0 |
|a Federal National Mortgage Association
|
| 650 |
|
0 |
|a Mortgages
|z United States
|
| 650 |
0 |
0 |
|a Auctions
|
| 700 |
1 |
|
|a Capozza, Dennis R
|
| 999 |
|
|
|a 0000022992
|b BOOK
|c Open Shelf
|e Default branch
|